West Wing Title Drops Quiz Stats

 Plays Quiz not verified by Sporcle

Challenge
Share
Tweet
Embed
Score 0/14 Timer 05:00
0 Plays Today
Line Title % Correct
''There was a drunk driver, and they ran the light at ________. They ran it at a high speed.''18th and Potomac
77.4%
''He's invoking ________.''25
74.3%
''You know Korean word '________'?''Han
68.4%
''What are you thinking about?''/''________.''Tomorrow
67.8%
''You knew. We weren't counting you. It's ________.''17 People
67.6%
''________, we shot down his plane!''We Killed Yamamoto
56.9%
'''________' means 'father of daughters.' They thought the tea was the least they could do.''Abu el Banat
52.2%
Line Title % Correct
''The substance of things hoped for, the ________.''Evidence of Things Not Seen
49.9%
''And ever since then we've had an embargo against that mosquito of an island ________...''Ninety Miles Away
44.1%
''Speaking of _______... ''/''Yes, another drink.''Dead Irish Writers
43.5%
'I think we're all anxious about the subjects because you're insisting on being alone ________ with the Chinese leaders.' In the Room
43.5%
''Well, I suppose it was some hope you might ________ to consider your position.''Take This Sabbath Day
32.2%
''Americans haven't fought a war in ________ for quite some time.''The Cold
30.2%
''Let's go around the table one more time. Where are we with this? ________?''What Kind of Day Has It Been
28.5%

You're not logged in!

Compare scores with friends on all Sporcle quizzes.
Join for Free
OR
Log In

You Might Also Like...

Show Comments

Extras

Top Quizzes Today


Score Distribution

Your Account Isn't Verified!

In order to create a playlist on Sporcle, you need to verify the email address you used during registration. Go to your Sporcle Settings to finish the process.

Report this User

Report this user for behavior that violates our Community Guidelines.

Details: